Sejujur Hatimu
| Main Author: | |
|---|---|
| Format: | Book |
| Language: | Malay |
| Published: |
Shah Alam :
Alaf21 ,
2006
|
| Subjects: |
MARC
| LEADER | 00000cam a2200000 7i4500 | ||
|---|---|---|---|
| 001 | 0000026761 | ||
| 005 | 20160323.0 | ||
| 008 | 220316 my may | ||
| 020 | |a 983124270x | ||
| 040 | |a INS | ||
| 090 | 0 | 0 | |a PL5186 |b U45 2006 |
| 100 | 1 | |a Umi Azrini | |
| 245 | 1 | 0 | |a Sejujur Hatimu |c Umi Azrini |
| 260 | |a Shah Alam : |b Alaf21 , |c 2006 | ||
| 300 | |a 479ms ; |c 18cm. | ||
| 650 | 0 | |a Malay fiction | |
| 999 | |a 1000002588 |b BOOK |c Open Shelf |e Default branch | ||